000 00721cam a22002533a 4500
001 45431
003 PGUSA
005 20140828084042.0
008 140418s2014||||xxu|||||s|||||000 | eng d
040 _aPGUSA
_beng
042 _adc
050 4 _aD501
100 1 _aKuyper, Abraham,
_d1837-1920
245 1 0 _aDe positie van Nederland
_h[electronic resource] /
_cAbraham Kuyper
260 _bProject Gutenberg,
_c2014
506 _aPublic domain in the USA.
516 _aElectronic text
653 _aNeutrality -- Netherlands
653 _aWorld War, 1914-1918
700 1 _aKuyper, H. S. S.,
_d1870-1933
830 0 _aProject Gutenberg
_v45431
856 4 0 _uhttp://www.gutenberg.org/ebooks/45431
942 _cEB
999 _c274682
_d274682